Seven tools for building effective groups: a Pilgrimage small group guide (Record no. 34692)

MARC details
000 -LEADER
fixed length control field 00594nam a2200181Ia 4500
020 ## - INTERNATIONAL STANDARD BOOK NUMBER
ISBN 9781576830208
050 ## - CALL MARK
Classification number BV 652.2 .A76/
100 ## - STATEMENT OF RESPONSIBILITY--MAIN AUTHOR NAME
Personal name Arnold, Jeffrey
245 #0 - TITLE STATEMENT
Title Seven tools for building effective groups: a Pilgrimage small group guide
260 ## - PUBLICATION, DISTRIBUTION, ETC. (IMPRINT)
Place of publication Colorado Springs, Colo. :
260 ## - PUBLICATION, DISTRIBUTION, ETC. (IMPRINT)
Name of publisher NavPress Pub. Group,
260 ## - PUBLICATION, DISTRIBUTION, ETC. (IMPRINT)
Year of publication 1997
300 ## - PHYSICAL DESCRIPTION
Number of Pages 95 p
650 ## - SUBJECT ADDED ENTRY--TOPICAL TERM
Topical Term Church group work. Small groups. Christian leadership. Christian leadership. Church group work. Small groups.
942 ## - ADDED ENTRY ELEMENTS (KOHA)
Koha item type Books
Holdings
Withdrawn status Lost status Source of classification or shelving scheme Damaged status Not for loan Permanent Location Current Location Date acquired Accession Number Price effective from Koha item type
    Library of Congress Classification     NILE UNIVERSITY OF NIGERIA - MAIN LIBRARY NILE UNIVERSITY OF NIGERIA - MAIN LIBRARY 04/23/2025 0184935 04/23/2025 Books